Cómo leer novelas
Enregistré dans:
| Auteur principal: | |
|---|---|
| Format: | Livre |
| Langue: | Undetermined |
| Publié: |
San José, Costa Rica
Nueva Década
1986
|
| Sujets: | |
| Tags: |
Ajouter un tag
Pas de tags, Soyez le premier à ajouter un tag!
|
MARC
| LEADER | 00000nam a2200000Ia 4500 | ||
|---|---|---|---|
| 008 | 170316s9999 xx 000 0 und d | ||
| 090 | |a 801 V-17c | ||
| 100 | |a Víquez Guzmán, Benedicto | ||
| 245 | |a Cómo leer novelas | ||
| 260 | |a San José, Costa Rica | ||
| 260 | |b Nueva Década | ||
| 260 | |c 1986 | ||
| 300 | |a 160 páginas | ||
| 650 | |a TEORÍA LITERARIA | ||
| 650 | |a NOVELA COSTARRICENSE - INTERPRETACIÓN | ||
| 650 | |a NOVELA | ||
| 650 | |a HISTORIA | ||
| 650 | |a CRÍTICA LITERARIA | ||
| 650 | |a LITERATURA | ||
| 650 | |a GÉNERO | ||
| 999 | |c 20733 |d 20733 | ||
| 040 | |a cru BVZT | ||
| 942 | |c 15 D |h 801 V-17c |2 z | ||
